[Event "Europa ch s-16 femenino"]
[Site "Herceg Novi  MNT"]
[Date "2008.09.22"]
[Round "7.14"]
[White "Manelidou, Maria"]
[Black "Semenova, Elena"]
[Result "1/2-1/2"]
[WhiteElo "1975"]
[BlackElo "2048"]
[PlyCount "103"]
[EventDate "2008.09.15"]
[EventType "swiss"]
[EventRounds "9"]
[Source "lmi"]
[SourceDate "2008.09.15"]

1. e4 e5 2. Nf3 Nf6 3. d4 Nxe4 4. Bd3 d5 5. Nxe5 Nd7 6. Nxd7 Bxd7 7. O-O Bd6 8.
c4 c6 9. Nc3 Nxc3 10. bxc3 O-O 11. cxd5 cxd5 12. Qh5 g6 13. Qxd5 Qc7 14. Bh6
Rfe8 15. Qf3 Qxc3 16. Qf6 Bf8 17. Bxf8 Rxf8 18. Be4 Rad8 19. Rfc1 Qa3 20. Bxb7
Be6 21. Rd1 Rd6 22. Qe5 Rfd8 23. Bf3 Qb2 24. Rab1 Rxd4 25. Qxd4 Qxd4 26. Rxd4
Rxd4 27. Ra1 a5 28. Kf1 Kg7 29. Ke1 Kf6 30. Bc6 Ke5 31. a3 Kd6 32. Bf3 Kc5 33.
Bd1 Rd3 34. Bc2 Rc3 35. Kd2 Kd4 36. Rd1 Rxa3 37. Kc1+ Kc3 38. Rd3+ Kb4 39. Rd4+
Bc4 40. Kb2 Ra2+ 41. Kb1 Ra3 42. Kb2 Ra2+ 43. Kb1 Rxc2 44. Kxc2 a4 45. Rd8 Bb3+
46. Kb1 h5 47. f3 Be6 48. h3 a3 49. g4 hxg4 50. fxg4 Kc5 51. Rd1 f5 52. g5
1/2-1/2

[Event "Europa ch s-16 femenino"]
[Site "Herceg Novi  MNT"]
[Date "2008.09.22"]
[Round "7.16"]
[White "Krasiuk, Kateryna"]
[Black "Trubitsyna, Yulia"]
[Result "1-0"]
[WhiteElo "1970"]
[BlackElo "1872"]
[PlyCount "55"]
[EventDate "2008.09.15"]
[EventType "swiss"]
[EventRounds "9"]
[Source "lmi"]
[SourceDate "2008.09.15"]

1. e4 d6 2. g3 g6 3. Bg2 Bg7 4. Nc3 c5 5. d3 e6 6. Be3 Nc6 7. Qd2 Nge7 8. Bh6
O-O 9. h4 Bf6 10. Bxf8 Qxf8 11. h5 g5 12. f4 h6 13. Nf3 gxf4 14. gxf4 Nd4 15.
O-O-O Nec6 16. Rdg1 Kh7 17. Nd1 a5 18. c3 Nb5 19. e5 dxe5 20. fxe5 Nxe5 21.
Nxe5 Bxe5 22. d4 Nxd4 23. cxd4 cxd4 24. Be4+ f5 25. Bc2 Qd6 26. Qg2 Bf4+ 27.
Kb1 Bg5 28. Nf2 1-0

[Event "Europa ch s-16 femenino"]
[Site "Herceg Novi  MNT"]
[Date "2008.09.22"]
[Round "7.18"]
[White "Arce Calva, Elvira"]
[Black "Petrova, Irina"]
[Result "0-1"]
[WhiteElo "1876"]
[BlackElo "2011"]
[PlyCount "132"]
[EventDate "2008.09.15"]
[EventType "swiss"]
[EventRounds "9"]
[Source "lmi"]
[SourceDate "2008.09.15"]

1. e4 c5 2. Nc3 d6 3. g3 Nc6 4. Bg2 g6 5. d3 Bg7 6. f4 Nf6 7. Nf3 O-O 8. O-O
Rb8 9. h3 b5 10. Be3 b4 11. Ne2 a5 12. g4 Nd7 13. Qc1 Ba6 14. Ng3 a4 15. Rb1 b3
16. a3 bxc2 17. Qxc2 Rb3 18. Rfd1 Qb8 19. Ne1 Nd4 20. Qd2 Qb6 21. Qf2 Rb8 22.
Bf1 Rxb2 23. Rxb2 Qxb2 24. Bc1 Qxf2+ 25. Kxf2 Rb1 26. Be2 Nb3 27. Be3 Rxd1 28.
Bxd1 Bb2 29. Ne2 Bxa3 30. Nc3 Nb6 31. Nxa4 Nxa4 32. Bxb3 Nb2 33. Bc2 Bb4 34. d4
Nc4 35. Nd3 Na3 36. Nxb4 cxb4 37. Bb3 Bc4 38. Bd1 b3 39. Bc1 Nb5 40. Bb2 Nc7
41. Ke3 Na8 42. Kd2 Nb6 43. Kc1 Na4 44. Bf3 Kf8 45. e5 d5 46. f5 Kg7 47. Ba3 f6
48. e6 g5 49. Bb2 Kf8 50. Ba3 Ke8 51. Bb2 Kd8 52. Bd1 Kc7 53. Ba3 Kd8 54. Bb2
h6 55. Bf3 Kc7 56. Bd1 Nxb2 57. Kxb2 Bf1 58. Kxb3 Bxh3 59. Kc3 Kd6 60. Kd2 h5
61. Ke3 Bxg4 62. Bxg4 hxg4 63. Kf2 Kc6 64. Kg3 Kb5 65. Kxg4 Kc4 66. Kh5 Kxd4
0-1

[Event "Europa ch s-16 femenino"]
[Site "Herceg Novi  MNT"]
[Date "2008.09.22"]
[Round "7.20"]
[White "Frey, Alisa"]
[Black "Edes, Zsofia"]
[Result "1-0"]
[WhiteElo "1939"]
[BlackElo "1812"]
[PlyCount "77"]
[EventDate "2008.09.15"]
[EventType "swiss"]
[EventRounds "9"]
[Source "lmi"]
[SourceDate "2008.09.15"]

1. d4 d5 2. c4 e6 3. Nc3 Nf6 4. cxd5 Nxd5 5. e4 Nxc3 6. bxc3 c5 7. Nf3 cxd4 8.
cxd4 Bb4+ 9. Bd2 Bxd2+ 10. Qxd2 O-O 11. Bc4 Nc6 12. O-O b6 13. Rac1 Bb7 14.
Rfd1 Na5 15. Bd3 Qe7 16. Qf4 Rac8 17. d5 Rxc1 18. Rxc1 Qa3 19. Bb1 exd5 20. e5
Nc6 21. Rd1 Ne7 22. Qh4 Ng6 23. Bxg6 fxg6 24. Qg4 Bc8 25. e6 Qxa2 26. Re1 Qc4
27. Qg5 Re8 28. e7 Qc5 29. Rc1 Qb5 30. Qe5 Bd7 31. h3 d4 32. Qd6 d3 33. Ne5 Bf5
34. g4 d2 35. Rd1 Bc8 36. Rxd2 a5 37. Qd8 a4 38. Qxe8+ Qxe8 39. Rd8 1-0

[Event "Europa ch s-16 femenino"]
[Site "Herceg Novi  MNT"]
[Date "2008.09.22"]
[Round "7.21"]
[White "Penne, Bo"]
[Black "Bauer, Marie-Christine"]
[Result "1-0"]
[WhiteElo "1881"]
[BlackElo "1707"]
[PlyCount "127"]
[EventDate "2008.09.15"]
[EventType "swiss"]
[EventRounds "9"]
[Source "lmi"]
[SourceDate "2008.09.15"]

1. e4 c5 2. Nf3 Nc6 3. Bb5 d6 4. O-O Bd7 5. Re1 Nf6 6. c3 a6 7. Bxc6 Bxc6 8. e5
Ng4 9. e6 fxe6 10. Ng5 Nf6 11. Nxe6 Qd7 12. c4 Ne4 13. Qg4 Nf6 14. Qf4 g5 15.
Qf5 Rg8 16. d3 Bh6 17. Bd2 b5 18. Bc3 Rg6 19. Bxf6 Rxf6 20. Nc7+ Kd8 21. Qxd7+
Kxd7 22. Nxa8 Bxa8 23. Nc3 b4 24. Ne2 Bg7 25. Ng3 Rf4 26. Re2 Bd4 27. Rae1 e5
28. Nf1 Rg4 29. Ne3 Rf4 30. b3 Bc3 31. Rc1 Rd4 32. Nd1 Rxd3 33. Nxc3 bxc3 34.
Rec2 Rd2 35. Rxd2 cxd2 36. Rd1 Bc6 37. Rxd2 a5 38. Rd3 Ke6 39. Rh3 Be4 40. Rh6+
Kd7 41. Rh5 Bb1 42. a3 Bc2 43. Rh3 Kc6 44. Rc3 Bg6 45. Kf1 Bf7 46. Ke2 d5 47.
cxd5+ Bxd5 48. Rg3 Kb5 49. Kd2 h6 50. Kc3 a4 51. bxa4+ Kxa4 52. Kb2 Kb5 53. Re3
Kc4 54. Rxe5 Bxg2 55. Re6 Kd3 56. Rxh6 g4 57. Rg6 Bf3 58. h3 gxh3 59. Rg3 h2
60. Rxf3+ Kd2 61. Rh3 c4 62. Rxh2 c3+ 63. Kb3 c2 64. Rh1 1-0

[Event "Europa ch s-16 femenino"]
[Site "Herceg Novi  MNT"]
[Date "2008.09.22"]
[Round "7.24"]
[White "Zalimaite, Ieva"]
[Black "Korniyuk, Mariya"]
[Result "0-1"]
[WhiteElo "1844"]
[BlackElo "2009"]
[PlyCount "48"]
[EventDate "2008.09.15"]
[EventType "swiss"]
[EventRounds "9"]
[Source "lmi"]
[SourceDate "2008.09.15"]

1. c4 Nf6 2. g3 g6 3. Bg2 Bg7 4. Nc3 O-O 5. d4 d6 6. e3 Nbd7 7. Nge2 c6 8. O-O
Nb6 9. b3 d5 10. a4 a5 11. cxd5 Nfxd5 12. Nxd5 Nxd5 13. Bb2 Nb4 14. Bc3 Qb6 15.
Nf4 Rd8 16. Bxb4 Qxb4 17. Nd3 Qb6 18. f4 Bf5 19. Rc1 Bxd4 20. exd4 Rxd4 21. Kh1
Rxd3 22. Qe2 Re3 23. Qf2 Rxb3 24. Qe1 Qb4 0-1

[Event "Europa ch s-16 femenino"]
[Site "Herceg Novi  MNT"]
[Date "2008.09.22"]
[Round "7.25"]
[White "Ponomarenko, Natalia"]
[Black "Vericeanu, Ilinca"]
[Result "1-0"]
[WhiteElo "1961"]
[BlackElo "1811"]
[PlyCount "123"]
[EventDate "2008.09.15"]
[EventType "swiss"]
[EventRounds "9"]
[Source "lmi"]
[SourceDate "2008.09.15"]

1. d4 Nf6 2. c4 e6 3. Nf3 Bb4+ 4. Bd2 Bxd2+ 5. Nbxd2 d5 6. g3 b6 7. Bg2 Bb7 8.
Ne5 Nbd7 9. Qa4 O-O 10. Nc6 Qe8 11. Nb4 c5 12. Nc2 Qc8 13. O-O dxc4 14. Nxc4
Bxg2 15. Kxg2 cxd4 16. Nxd4 Qb7+ 17. Qc6 Qa6 18. Nd6 Ne5 19. Qb5 Qxb5 20. N4xb5
Rfd8 21. Rfd1 Rd7 22. Nc3 Rad8 23. Ndb5 a6 24. Nc7 a5 25. Rxd7 Rxd7 26. Rd1
Rxd1 27. Nxd1 Kf8 28. f4 Nc6 29. Nc3 Ke7 30. Na4 Nb4 31. a3 Nbd5 32. Nxd5+ Nxd5
33. e4 Ne3+ 34. Kf3 Nc4 35. Ke2 b5 36. Nc3 b4 37. axb4 axb4 38. Na4 Kd6 39. Kd3
Na5 40. Kd4 Kc6 41. Nc5 Kb5 42. Nd7 Nc4 43. Ne5 Nxb2 44. Nxf7 Ka4 45. f5 exf5
46. e5 Kb5 47. Kd5 Nc4 48. e6 Nb6+ 49. Ke5 Kc6 50. Nd6 Nd5 51. Nxf5 Kc5 52. Nd4
Ne7 53. Nb3+ Kc4 54. Na5+ Kc5 55. Nb3+ Kc6 56. Nd4+ Kc7 57. Nb5+ Kb6 58. Kd6
Nc6 59. Nc7 b3 60. Nd5+ Kb7 61. e7 Nxe7 62. Kxe7 1-0

[Event "Europa ch s-16 femenino"]
[Site "Herceg Novi  MNT"]
[Date "2008.09.22"]
[Round "7.26"]
[White "Motycakova, Monika"]
[Black "Narva, Ann"]
[Result "0-1"]
[WhiteElo "1948"]
[BlackElo "1647"]
[PlyCount "88"]
[EventDate "2008.09.15"]
[EventType "swiss"]
[EventRounds "9"]
[Source "lmi"]
[SourceDate "2008.09.15"]

1. e4 c5 2. Nf3 Nc6 3. Bb5 a6 4. Bxc6 bxc6 5. c4 d6 6. h3 g6 7. O-O Bg7 8. Nc3
e5 9. d3 Ne7 10. Be3 O-O 11. Nh2 f5 12. f3 f4 13. Bd2 h5 14. a3 a5 15. Na4 Be6
16. Qc2 Nc8 17. b4 axb4 18. axb4 cxb4 19. Bxb4 Nb6 20. Kh1 c5 21. Bc3 Nxa4 22.
Rxa4 Rxa4 23. Qxa4 Qa8 24. Qc2 Rb8 25. Ra1 Qb7 26. Nf1 Qb3 27. Qc1 Bf6 28. Nd2
Qb7 29. Ra3 Bh4 30. Kg1 Qe7 31. Kh1 Bf2 32. Qf1 Qh4 33. Ra6 Rd8 34. Ba5 Rd7 35.
Nb1 g5 36. Ra8+ Kg7 37. Nc3 g4 38. Nd1 Bg3 39. Kg1 gxh3 40. gxh3 Bxh3 41. Qe2
Kh7 42. Rf8 Rg7 43. Bd8 Bf2+ 44. Kh1 Bg2# 0-1

[Event "Europa ch s-16 femenino"]
[Site "Herceg Novi  MNT"]
[Date "2008.09.22"]
[Round "7.28"]
[White "Johannsdottir, Johanna Bjorg"]
[Black "Nesic, Dragana"]
[Result "1/2-1/2"]
[WhiteElo "1655"]
[BlackElo "1873"]
[PlyCount "52"]
[EventDate "2008.09.15"]
[EventType "swiss"]
[EventRounds "9"]
[Source "lmi"]
[SourceDate "2008.09.15"]

1. e4 e5 2. Nf3 Nc6 3. Bc4 Bc5 4. c3 Nf6 5. d4 exd4 6. e5 d5 7. Bb5 Ne4 8. cxd4
Be7 9. Bxc6+ bxc6 10. O-O O-O 11. Nbd2 Bf5 12. Nb3 c5 13. Be3 c4 14. Nbd2 Rb8
15. Qc1 Bb4 16. Nxe4 Bxe4 17. Nd2 Bd3 18. Re1 Qe7 19. f4 f5 20. Bf2 Rb7 21. Re3
Rfb8 22. b3 Ba3 23. Qc3 Bb4 24. Qc1 Ba3 25. Qc3 Bb4 26. Qc1 Ba3 1/2-1/2

[Event "Europa ch s-16 femenino"]
[Site "Herceg Novi  MNT"]
[Date "2008.09.22"]
[Round "7.31"]
[White "Uusitupa, Erika"]
[Black "Haug, Marianne Wold"]
[Result "0-1"]
[WhiteElo "1696"]
[BlackElo "1881"]
[PlyCount "108"]
[EventDate "2008.09.15"]
[EventType "swiss"]
[EventRounds "9"]
[Source "lmi"]
[SourceDate "2008.09.15"]

1. e4 c5 2. Nf3 g6 3. d4 cxd4 4. Nxd4 Nc6 5. Nc3 Bg7 6. Be3 Nf6 7. Bc4 O-O 8.
f3 Qb6 9. Bb3 Nxe4 10. Nd5 Qa5+ 11. c3 Bxd4 12. Bxd4 Nc5 13. Bc2 Nd3+ 14. Qxd3
Qxd5 15. Be3 Qxd3 16. Bxd3 d6 17. O-O Ne5 18. Be2 Be6 19. b3 a5 20. f4 Nd7 21.
Rfc1 Rfc8 22. Bb5 Nf6 23. Bd4 Ne4 24. Be2 d5 25. Bf3 Nd6 26. Be2 Rc6 27. Bd3
Rac8 28. Kf2 Bf5 29. Ke3 b5 30. a3 b4 31. axb4 axb4 32. Kd2 Bxd3 33. Kxd3 f6
34. Rc2 Nb5 35. Rac1 Kf7 36. c4 Na3 37. Rb2 dxc4+ 38. bxc4 Nxc4 39. Rxb4 Ne5+
40. fxe5 Rxc1 41. exf6 exf6 42. Rb7+ R8c7 43. Rxc7+ Rxc7 44. Ke2 Ke6 45. Kf3
Rc4 46. Be3 Kf5 47. h3 h5 48. g3 Rc3 49. g4+ hxg4+ 50. hxg4+ Ke5 51. g5 Rxe3+
52. Kxe3 f5 53. Kf3 f4 54. Kf2 Kf5 0-1

[Event "Europa ch s-16 femenino"]
[Site "Herceg Novi  MNT"]
[Date "2008.09.22"]
[Round "7.34"]
[White "Kaplan, Ebru"]
[Black "Lisac, Tihana"]
[Result "1/2-1/2"]
[WhiteElo "1878"]
[BlackElo "1773"]
[PlyCount "120"]
[EventDate "2008.09.15"]
[EventType "swiss"]
[EventRounds "9"]
[Source "lmi"]
[SourceDate "2008.09.15"]

1. e4 c5 2. Nf3 Nc6 3. d4 cxd4 4. Nxd4 Nf6 5. Nc3 e5 6. Ndb5 d6 7. Nd5 Nxd5 8.
exd5 Nb8 9. c4 Be7 10. Be2 O-O 11. O-O a6 12. Nc3 f5 13. a3 Nd7 14. b4 Rf6 15.
Qc2 b6 16. f3 f4 17. Bd3 Nf8 18. Bb2 Rh6 19. Ne4 Qe8 20. Nf2 Qh5 21. h3 Qg5 22.
Ne4 Qh5 23. Nf2 Qf7 24. Be4 Nd7 25. Bc3 Rb8 26. Ng4 Rh5 27. Kf2 Bh4+ 28. Ke2
Nf6 29. Nxf6+ Qxf6 30. Be1 Bxe1 31. Raxe1 Bf5 32. Bxf5 Rxf5 33. Qa4 Rg5 34. Rf2
Ra8 35. Qc6 Qd8 36. Kd3 a5 37. Rc1 axb4 38. axb4 Rc8 39. Qb7 Qc7 40. Qxc7 Rxc7
41. Ra1 Kf7 42. Ra6 Rb7 43. Rfa2 Ke8 44. c5 bxc5 45. bxc5 dxc5 46. Kc4 Kd7 47.
Kxc5 Rc7+ 48. Rc6 Rb7 49. Rd6+ Kc7 50. Re6 Kd7 51. Re2 Rc7+ 52. Kb6 Rc4 53. Kb5
Rc7 54. R6xe5 Rxe5 55. Rxe5 Kd6 56. Rf5 Rc5+ 57. Kb4 Rxd5 58. Rxf4 Ke6 59. Kc4
Rd2 60. g3 g5 1/2-1/2

[Event "Europa ch s-16 femenino"]
[Site "Herceg Novi  MNT"]
[Date "2008.09.23"]
[Round "8.1"]
[White "Paikidze, Nazi"]
[Black "Shvayger, Yuliya"]
[Result "1-0"]
[WhiteElo "2277"]
[BlackElo "2151"]
[PlyCount "138"]
[EventDate "2008.09.15"]
[EventType "swiss"]
[EventRounds "9"]
[Source "lmi"]
[SourceDate "2008.09.15"]

1. d4 d5 2. Nf3 Nf6 3. Bg5 Ne4 4. Bf4 e6 5. e3 c5 6. Bd3 Qb6 7. Qc1 Nc6 8. c3
Be7 9. Nbd2 f5 10. h4 Bd7 11. Ne5 Rc8 12. Nxc6 bxc6 13. Bxe4 fxe4 14. dxc5 Bxc5
15. Qd1 O-O 16. Nxe4 Qxb2 17. Rb1 Qa3 18. Rb3 Qa5 19. O-O Rce8 20. Nxc5 Qxc5
21. Be5 Rf5 22. Qd4 Qe7 23. Bg3 c5 24. Qd2 Bc8 25. Rfb1 Ba6 26. Qb2 e5 27. Qa3
Qd6 28. Rd1 Qc6 29. Qa5 Bc4 30. Rb2 Rf7 31. Rdb1 Bd3 32. Rd1 e4 33. Bb8 Ba6 34.
Qa3 Rc8 35. Bg3 Bd3 36. Qb3 Qd7 37. Rdd2 h6 38. Qd1 d4 39. cxd4 c4 40. Rdc2 c3
41. Rb3 Bxc2 42. Qxc2 Qc6 43. Be5 Qc4 44. d5 Qxd5 45. Rxc3 Rxc3 46. Bxc3 Qd3
47. Qb2 Qd1+ 48. Kh2 Qg4 49. Qb8+ Kh7 50. Qg3 Qxg3+ 51. Kxg3 Kg6 52. f3 Kf5 53.
Bd4 a6 54. Kh3 h5 55. g4+ Kg6 56. f4 Rc7 57. f5+ Kf7 58. gxh5 Rc2 59. a3 Ra2
60. Kg4 Rxa3 61. Kf4 Ra2 62. h6 gxh6 63. Kxe4 Rh2 64. Kd5 Rxh4 65. e4 Rh5 66.
Kd6 Rh4 67. Kd5 a5 68. Bc3 a4 69. e5 Rh3 1-0

[Event "Europa ch s-16 femenino"]
[Site "Herceg Novi  MNT"]
[Date "2008.09.23"]
[Round "8.2"]
[White "Abdulla, Khayala Mardan Qizi"]
[Black "Tsatsalashvili, Keti"]
[Result "0-1"]
[WhiteElo "2029"]
[BlackElo "2271"]
[PlyCount "86"]
[EventDate "2008.09.15"]
[EventType "swiss"]
[EventRounds "9"]
[Source "lmi"]
[SourceDate "2008.09.15"]

1. e4 c5 2. Nf3 d6 3. d4 cxd4 4. Nxd4 Nf6 5. Nc3 Nc6 6. Bc4 e6 7. Bb3 a6 8. Be3
Qc7 9. f4 b5 10. Qf3 Bb7 11. a3 Na5 12. g4 Nxb3 13. Nxb3 d5 14. Rg1 Nxe4 15.
Nxe4 dxe4 16. Qf2 Rc8 17. O-O-O Bd5 18. Kb1 Be7 19. f5 Bh4 20. Qg2 Bf6 21. fxe6
fxe6 22. Bd4 O-O 23. Qd2 Qc4 24. Bxf6 Rxf6 25. Nc1 Rcf8 26. Rge1 Qc5 27. Nb3
Qc7 28. Re2 Qc4 29. Nc1 Rf3 30. Rde1 Rf1 31. b3 Qc5 32. Kb2 h6 33. h3 Rxe1 34.
Qxe1 Rf3 35. h4 Qe7 36. Na2 Qf6+ 37. c3 a5 38. h5 Qf4 39. Qg1 e3 40. Nc1 Rf2
41. Qe1 Qh2 42. a4 Bf3 43. Rxf2 Qxf2+ 0-1

[Event "Europa ch s-16 femenino"]
[Site "Herceg Novi  MNT"]
[Date "2008.09.23"]
[Round "8.3"]
[White "Adamowicz, Katarzyna"]
[Black "Schut, Donna"]
[Result "1-0"]
[WhiteElo "2063"]
[BlackElo "2069"]
[PlyCount "111"]
[EventDate "2008.09.15"]
[EventType "swiss"]
[EventRounds "9"]
[Source "lmi"]
[SourceDate "2008.09.15"]

1. e4 e6 2. d4 d5 3. Nc3 Nf6 4. e5 Nfd7 5. Nf3 c5 6. dxc5 Nc6 7. Bf4 Bxc5 8.
Bd3 Qb6 9. O-O Be7 10. Qe2 a6 11. a3 h6 12. h3 g5 13. Bg3 h5 14. Rab1 Nc5 15.
Rfe1 Bd7 16. b4 Nxd3 17. cxd3 Nd4 18. Qe3 Nxf3+ 19. Qxf3 Rc8 20. Rbc1 a5 21. b5
Bxa3 22. Qf6 Rg8 23. Nxd5 Qd8 24. Rxc8 Bxc8 25. Qxd8+ Kxd8 26. Nf6 Rh8 27. b6
Bd7 28. h4 Bc6 29. d4 Ke7 30. hxg5 h4 31. Bf4 Bb2 32. d5 Bxd5 33. Bc1 Bxc1 34.
Rxc1 Bc6 35. Rc5 h3 36. f3 a4 37. Ra5 hxg2 38. Kxg2 Rd8 39. Kf2 Kf8 40. Ke3 Kg7
41. f4 Kg6 42. Ne4 Rh8 43. Nd6 Rh3+ 44. Ke2 Rf3 45. Rxa4 Rb3 46. Ra8 Rxb6 47.
Rg8+ Kh7 48. Rf8 Kg6 49. Rxf7 Bd5 50. Rf6+ Kg7 51. Ne8+ Kg8 52. g6 Rb2+ 53. Ke3
Rg2 54. g7 b5 55. Rf8+ Kh7 56. Rh8+ 1-0

[Event "Europa ch s-16 femenino"]
[Site "Herceg Novi  MNT"]
[Date "2008.09.23"]
[Round "8.4"]
[White "Suslova, Alena"]
[Black "Savina, Anastasia"]
[Result "0-1"]
[WhiteElo "2184"]
[BlackElo "2269"]
[PlyCount "90"]
[EventDate "2008.09.15"]
[EventType "swiss"]
[EventRounds "9"]
[Source "lmi"]
[SourceDate "2008.09.15"]

1. c4 g6 2. Nc3 Bg7 3. g3 c5 4. Bg2 Nc6 5. Nf3 e5 6. O-O Nge7 7. d3 d6 8. Rb1
O-O 9. a3 a5 10. e3 Rb8 11. Bd2 h6 12. Qc2 Be6 13. Ne1 Qd7 14. Nd5 b5 15. Nxe7+
Nxe7 16. Bxa5 b4 17. axb4 cxb4 18. Qd2 Nc6 19. Bxc6 Qxc6 20. f3 Qc5 21. Ra1 b3
22. Ng2 d5 23. cxd5 Qxd5 24. Bc3 Rfd8 25. Rad1 Qb5 26. Qe2 Rd7 27. Rd2 e4 28.
fxe4 Bxc3 29. bxc3 b2 30. Rb1 Rdb7 31. c4 Qa5 32. Kf2 Bg4 33. Qe1 g5 34. Rc2
Qa2 35. d4 Rb3 36. Rd2 Rc3 37. c5 Qa3 38. h3 Rc1 39. hxg4 Qa1 40. Rxa1 bxa1=Q
41. Qe2 Rbb1 42. c6 Rf1+ 43. Qxf1 Rxf1+ 44. Ke2 Rg1 45. Kd3 Qb1+ 0-1

[Event "Europa ch s-16 femenino"]
[Site "Herceg Novi  MNT"]
[Date "2008.09.23"]
[Round "8.6"]
[White "Anusca, Madalina-Maria"]
[Black "Iordanidou, Zoi"]
[Result "1-0"]
[WhiteElo "1949"]
[BlackElo "2060"]
[PlyCount "61"]
[EventDate "2008.09.15"]
[EventType "swiss"]
[EventRounds "9"]
[Source "lmi"]
[SourceDate "2008.09.15"]

1. e4 d5 2. exd5 Nf6 3. d4 Bg4 4. Nf3 Qxd5 5. Be2 Nc6 6. O-O O-O-O 7. c4 Qh5 8.
Qa4 e6 9. Bf4 Nxd4 10. Nxd4 Rxd4 11. Be3 Bxe2 12. Bxd4 Bd6 13. h3 Qg6 14. Nd2
Bxf1 15. Nxf1 c5 16. Be3 Kb8 17. Rd1 Be7 18. b4 Rc8 19. bxc5 Bxc5 20. Bxc5 Rxc5
21. Rd8+ Rc8 22. Rxc8+ Kxc8 23. Qxa7 Nd7 24. Qa8+ Nb8 25. Qa3 Nc6 26. Qf8+ Kc7
27. c5 e5 28. Ne3 Qb1+ 29. Kh2 Qxa2 30. Qd6+ Kc8 31. Nd5 1-0

[Event "Europa ch s-16 femenino"]
[Site "Herceg Novi  MNT"]
[Date "2008.09.23"]
[Round "8.7"]
[White "Trapeznikova, Darya"]
[Black "Soloviova, Liza"]
[Result "0-1"]
[WhiteElo "1919"]
[BlackElo "2148"]
[PlyCount "76"]
[EventDate "2008.09.15"]
[EventType "swiss"]
[EventRounds "9"]
[Source "lmi"]
[SourceDate "2008.09.15"]

1. d4 Nf6 2. c4 d6 3. Nc3 c6 4. e4 Nbd7 5. Nf3 e5 6. Be2 Be7 7. O-O O-O 8. h3
Re8 9. d5 c5 10. Be3 Nf8 11. Ne1 Ng6 12. Nd3 Nd7 13. Bh5 Ndf8 14. Qc2 a6 15. a4
b6 16. Ne2 Bg5 17. Qd2 Bxe3 18. Qxe3 Qh4 19. Qf3 f5 20. Nc3 f4 21. a5 Qg5 22.
Bxg6 Nxg6 23. Ne1 Nh4 24. Qd3 f3 25. g4 Rf8 26. Qe3 Rf4 27. Kh2 bxa5 28. Rg1 h5
29. gxh5 Qxh5 30. Rg3 Rb8 31. Nd3 Ng2 32. Qd2 Rh4 33. Rh1 Rxh3+ 34. Rxh3 Bxh3
35. Kg1 Nf4 36. Nxf4 Qg4+ 37. Kh2 exf4 38. Rg1 Bg2 0-1

[Event "Europa ch s-16 femenino"]
[Site "Herceg Novi  MNT"]
[Date "2008.09.23"]
[Round "8.8"]
[White "Gorozhankina, Julia"]
[Black "Gvanceladze, Anna"]
[Result "0-1"]
[WhiteElo "2094"]
[BlackElo "2017"]
[PlyCount "114"]
[EventDate "2008.09.15"]
[EventType "swiss"]
[EventRounds "9"]
[Source "lmi"]
[SourceDate "2008.09.15"]

1. e4 c6 2. d4 d5 3. exd5 cxd5 4. c4 Nf6 5. Nc3 e6 6. Nf3 Be7 7. cxd5 Nxd5 8.
Bd3 Nc6 9. O-O O-O 10. Re1 Nf6 11. Be3 Nb4 12. Bb1 b6 13. a3 Nbd5 14. Nxd5 Nxd5
15. Qd3 g6 16. Ne5 Bf6 17. Bh6 Bg7 18. Qd2 Nf6 19. Be3 Bb7 20. Ba2 Nd5 21. Rac1
Rc8 22. Bc4 Qd6 23. Nd3 Nf6 24. f3 Rfd8 25. Qb4 Ne8 26. Bb5 Nc7 27. Qxd6 Rxd6
28. Bc4 Bxd4 29. Bxd4 Rxd4 30. Ne5 Nd5 31. Bb3 Nf4 32. Rxc8+ Bxc8 33. Nc6 Rd7
34. Rd1 a5 35. Rxd7 Bxd7 36. Ne5 Bb5 37. a4 Nd3 38. Nxd3 Bxd3 39. Kf2 Kf8 40.
Ke3 Bf1 41. g3 Ke7 42. Kd4 Kd6 43. f4 f6 44. Bd1 e5+ 45. fxe5+ fxe5+ 46. Ke3
Bg2 47. Bc2 Kc5 48. h4 Bc6 49. g4 Kb4 50. h5 gxh5 51. gxh5 h6 52. Bg6 Kxa4 53.
Bf7 Kb4 54. Kf2 Kc5 55. Kg3 Kd4 56. Be6 Bd5 57. Bd7 e4 0-1

[Event "Europa ch s-16 femenino"]
[Site "Herceg Novi  MNT"]
[Date "2008.09.23"]
[Round "8.9"]
[White "Kazimova, Narmin Nizami Qizi"]
[Black "Lysenko, Maria"]
[Result "1-0"]
[WhiteElo "2148"]
[BlackElo "1915"]
[PlyCount "113"]
[EventDate "2008.09.15"]
[EventType "swiss"]
[EventRounds "9"]
[Source "lmi"]
[SourceDate "2008.09.15"]

1. Nf3 c5 2. c4 e6 3. d4 cxd4 4. Nxd4 Nc6 5. Nc3 a6 6. g3 Nf6 7. Bg2 Qc7 8. O-O
Nxd4 9. Qxd4 Bc5 10. Qd3 O-O 11. a3 Rb8 12. b4 Be7 13. Bf4 e5 14. Be3 d6 15.
Rac1 Bd7 16. Bg5 Bc6 17. e4 h6 18. Bd2 Bd7 19. h3 Rbc8 20. Rfd1 Rfe8 21. Bf1
Qd8 22. Be3 Be6 23. Na4 Bxc4 24. Rxc4 Rxc4 25. Qxc4 b5 26. Qc6 bxa4 27. Bxa6
Qa8 28. Bb7 Qb8 29. Bb6 Bf8 30. Bc7 Qa7 31. Bb6 Qb8 32. Rc1 Re7 33. Ba6 Nxe4
34. Qb5 Re8 35. Bc7 Qa7 36. Bb6 Qb8 37. Rc6 Ng5 38. Kg2 Ne6 39. Qxa4 d5 40. Qb5
Nd4 41. Bxd4 Qxb5 42. Bxb5 exd4 43. Bf1 Ra8 44. Ba6 f6 45. Kf3 Re8 46. Rc8 Kf7
47. Rxe8 Kxe8 48. Bb7 Kd7 49. Bxd5 f5 50. Ke2 Kd6 51. Bg2 g5 52. Kd3 Bg7 53. a4
Be5 54. a5 Kc7 55. b5 Bd6 56. b6+ Kb8 57. a6 1-0

[Event "Europa ch s-16 femenino"]
[Site "Herceg Novi  MNT"]
[Date "2008.09.23"]
[Round "8.10"]
[White "Manelidou, Maria"]
[Black "Zakoscielna, Kinga"]
[Result "1-0"]
[WhiteElo "1975"]
[BlackElo "2125"]
[PlyCount "49"]
[EventDate "2008.09.15"]
[EventType "swiss"]
[EventRounds "9"]
[Source "lmi"]
[SourceDate "2008.09.15"]

1. e4 c5 2. Nf3 e6 3. c4 b6 4. Nc3 Bb7 5. d4 cxd4 6. Nxd4 Bb4 7. Qd3 Na6 8. f3
Ne7 9. a3 Nc5 10. Qe3 Bxc3+ 11. Qxc3 d5 12. cxd5 exd5 13. Bb5+ Nd7 14. O-O Rc8
15. Qe3 O-O 16. e5 Ng6 17. f4 Re8 18. Qh3 Ngf8 19. Nf5 Re6 20. b4 a6 21. Bd3
Rb8 22. Bb2 f6 23. Nd4 Qe8 24. Nxe6 Qxe6 25. Bxh7+ 1-0

[Event "Europa ch s-16 femenino"]
[Site "Herceg Novi  MNT"]
[Date "2008.09.23"]
[Round "8.11"]
[White "Papp, Petra"]
[Black "Thorsteinsdottir, Hallgerdur"]
[Result "1/2-1/2"]
[WhiteElo "2118"]
[BlackElo "1907"]
[PlyCount "107"]
[EventDate "2008.09.15"]
[EventType "swiss"]
[EventRounds "9"]
[Source "lmi"]
[SourceDate "2008.09.15"]

1. e4 c6 2. d4 d5 3. exd5 cxd5 4. c4 Nf6 5. Nc3 Nc6 6. Bg5 dxc4 7. Bxc4 e6 8.
Nf3 Be7 9. O-O O-O 10. a3 a6 11. Bd3 b5 12. Bc2 Bb7 13. Qd3 g6 14. Rfe1 Rc8 15.
h4 Nd5 16. Bh6 Re8 17. h5 Bf8 18. Bxf8 Rxf8 19. hxg6 hxg6 20. Rac1 Nxc3 21.
bxc3 Qd5 22. Re4 Ne7 23. Rh4 Nf5 24. Rh3 Qc4 25. Qxc4 Rxc4 26. Bxf5 gxf5 27.
Ne5 Rc7 28. Rg3+ Kh7 29. f3 Rg8 30. Rh3+ Kg7 31. Nd3 Kf6 32. Kf2 Rgc8 33. Nc5
Ke7 34. Rhh1 Kd6 35. Ke3 Rg8 36. Rc2 f6 37. Rh6 Rf8 38. Kd3 e5 39. Nxb7+ Rxb7
40. dxe5+ Kxe5 41. Re2+ Kf4 42. Rh4+ Kg5 43. Rd4 Rc8 44. g3 Rbc7 45. Rc2 Rc4
46. Rd5 Ra4 47. Ra2 Rac4 48. Rc2 Ra4 49. g4 Rxa3 50. Rxf5+ Kg6 51. Kd2 Rd8+ 52.
Ke2 Rb3 53. c4 bxc4 54. Rxc4 1/2-1/2

[Event "Europa ch s-16 femenino"]
[Site "Herceg Novi  MNT"]
[Date "2008.09.23"]
[Round "8.12"]
[White "Krasiuk, Kateryna"]
[Black "Homiakova, Elena"]
[Result "1-0"]
[WhiteElo "1970"]
[BlackElo "2078"]
[PlyCount "69"]
[EventDate "2008.09.15"]
[EventType "swiss"]
[EventRounds "9"]
[Source "lmi"]
[SourceDate "2008.09.15"]

1. e4 c5 2. Nc3 e6 3. g3 d5 4. exd5 exd5 5. Bg2 Nf6 6. d3 Be7 7. Nge2 d4 8. Ne4
Nxe4 9. Bxe4 Nd7 10. O-O O-O 11. Bg2 Nf6 12. Bg5 h6 13. Bd2 Bg4 14. h3 Bd7 15.
Nf4 Qc8 16. Re1 Re8 17. Nd5 Nxd5 18. Bxd5 Bc6 19. Qf3 Bxd5 20. Qxd5 Qxh3 21.
Qxb7 Bf8 22. Qg2 Qd7 23. Qf3 Rac8 24. b3 Rc6 25. Rxe8 Qxe8 26. Re1 Qd7 27. Kg2
Rf6 28. Qa8 Qf5 29. Bf4 g5 30. Re8 gxf4 31. Rxf8+ Kh7 32. Rh8+ Kg6 33. Rg8+ Kh7
34. Qf8 Qd5+ 35. Kg1 1-0